| 000 | 00432nam a2200169Ia 4500 | ||
|---|---|---|---|
| 008 | 220531s9999 xx 000 0 und d | ||
| 041 | _aeng | ||
| 082 | _bCHA | ||
| 100 |
_aChaudhari, B. _955563 |
||
| 245 | _aSupply Chain & Logistics | ||
| 260 |
_aPune _bNirali _c2010 |
||
| 300 | _a13.1 | ||
| 542 | _d05-04-2011 | ||
| 650 |
_aManagement _955564 |
||
| 906 |
_d2010-2011 _d2019-2020 _e1.3.21 write off |
||
| 999 |
_c32084 _d32084 |
||